| 000 | 00371nam a2200145Ia 4500 | ||
|---|---|---|---|
| 008 | 231217s9999 xx 000 0 und d | ||
| 041 | _aEnglish | ||
| 082 | _a001.6424XML AND;1 `R1' | ||
| 100 | _aAnderson, Richard. Birbeck, Mark.Kay, Michael | ||
| 245 | 0 | _aProfessional XML | |
| 260 |
_c2000 _bMumbai : Shroff, |
||
| 300 | _axxi+1169 | ||
| 650 | _aXML | ||
| 942 | _cAA | ||
| 999 |
_c167414 _d167414 |
||